Normal view
MARC view
- Rout Rajendra Kumar
Entry Personal Name
001 - CONTROL NUMBER
- control field: 40304
003 - CONTROL NUMBER IDENTIFIER
- control field: OSt
005 - DATE AND TIME OF LATEST TRANSACTION
- control field: 20260509125037.0
008 - FIXED-LENGTH DATA ELEMENTS
- fixed length control field: 260509|| aca||aabn | a|a d
040 ## - CATALOGING SOURCE
- Original cataloging agency: OSt
- Transcribing agency: OSt
100 ## - HEADING--PERSONAL NAME
- Personal name: Rout Rajendra Kumar
670 ## - SOURCE DATA FOUND
- Source citation: Work cat.: (OSt)90279: Rout Rajendra Kumar , A Textbook on Principal of Agricultural Economics And Farm Management , 2026




